000 00236 a2200097 4500
001 32805
100 _aHorvath,I
245 _aTools and Methods of Competitive Engineering
260 _aNetherlands
_bMillpress
_c
090 _c21974
_d21974
942 _aNUST-CAE
_cM
_c13307
999 _c267878
_d267878